LEADER 01038nam a2200253 i 4500 001 000000165793 003 CaOOAMICUS 005 20071003000000.0 008 071003s1977 fr u000 u fre u 013 $a143161 020 $a2-227-31527-X 040 $aSeMil$bita 100 1 $aPotel, Julien.$0(OLS)http://semarc/name/31898 245 10$aDemain d'autres prêtres? :$bleur place et leurs rôles /$cJulien Potel. 260 $aParis :$bLe Centurion,$c1977. 300 $a124 p. ;$c21 cm. 650 4$aSacerdozio - Spiritualità.$0(OLS)http://semarc/subject/2395 650 4$aSacerdozio - Studi.$0(OLS)http://semarc/subject/7721 850 $aSeMil 852 $aSeMil$W1$xVenegono$y1$m3G III 223$j116968$B116968$CSeMilBibl$Z2$F129069 $81 961 $aOmaggio: Martinelli don Romano 996 $6020$a2-227-31527-X$9(OLS)http://semarc/number/152170 996 $6245$aDemain d'autres prêtres? :$bleur place et leurs rôles$9(OLS)http://semarc/title/236732 996 $6260$aParis :$bLe Centurion$9(OLS)http://semarc/publisher/32052 LEADER 01058nam a2200217 4500 001 000000358063 003 CaOOAMICUS 005 20240416154357.0 008 240416s1876 it 000 u lat r 040 $aSeMil$bita 100 1 $aTiraboschi, Girolamo,$d<1731-1794>.$0(OLS)http://semarc/name/2726 245 10$aHieronymi Tiraboschii Fabula pastoralis acta Novariae an. 1757 primum edita an. 1876 nonis Maiis / $c[a cura di Carlo Negroni]. 264 1$aNovariae :$bper Millios fratres artis Guttembergiae magistros,$c1876. 300 $a72 p. ;$c26 cm 546 $aLatino 700 1 $aNegroni, Carlo <1819-1896>,$ecuratore.$0(OLS)http://semarc/name/93154 850 $aSeMil 852 $aSeMil$W1$xVenegono$y1$m5A IX 1/21$j247652$B249178$CSeMilBibl$Z2$F249178 $8I 996 $6245$aHieronymi Tiraboschii Fabula pastoralis acta Novariae an. 1757 primum edita an. 1876 nonis Maiis / $9(OLS)http://semarc/title/448338 996 $6264$aNovariae :$bper Millios fratres artis Guttembergiae magistros$9(OLS)http://semarc/publisher/61695